01521nam a2200337 a 4500001001000000003000500010005001700015008004100032010001100073011001100084040000900095090001000104100004500114245021600159260004100375500006000416502013000476590004100606590004000647650002800687650002900715650002800744650003300772856007000805901000700875942001000882942000600892999001900898952013100917952013501048000114922CHAP20220329144504.0180809s2016 mx | |sm |||||||spa d a111383 a112355 cCHAP aTesis1 aGalicia Rojano, Olga Jacqueline.912609510aEstimación de la disposición a pagar por huevo de gallina criolla criada en condiciones de traspatio, en San Miguel Coatlinchan, Texcoco, Estado de Méxicoh[En línea]cpor Olga Jacqueline Galicia Rojano. aChapingo, Méx. :bEl autor,c2016. aPara ver el contenido del material haga clic en la liga aTesis (M.C. en Economía Agrícola y de los Recursos Naturales) -- UACH. División de Ciencias Económico Administrativas aE11695DGDb10c20190528lUCH01h1029 aE6339RRRb05c20180809lUCH01h102514aHuevosxCalidad.95674214aHuevosxMercadeo.95675114aHuevosxPrecios.95675714aHuevosxProducción.956759 aFinding aiduhttp://10.13.5.2/tesis/sist114922.pdfzTeclea aquí aBK cTESIS n0 c111383d111383 00104054718TESISaBCbBCd2018-08-09fTESISl0oTesisp114932-10r2019-12-31 00:00:00w2019-12-31yTESISzRecien adquirido 00102local4053708TESISaBCbBCcPA_TESISd2018-08-09fTESISl0oTesisp114932-20r2019-12-31 00:00:00tc.2w2019-12-31yTESIS